| 000 | 00558nam a2200193Ia 4500 | ||
|---|---|---|---|
| 999 |
_c22569 _d22569 |
||
| 003 | OSt | ||
| 005 | 20200323103347.0 | ||
| 008 | 190216s9999||||xx |||||||||||||| ||und|| | ||
| 020 | _a8171510949 | ||
| 040 | _coclc | ||
| 082 |
_a297 _bPIC/C |
||
| 100 |
_aPickthall, Muhammad Marmaduke _92151 |
||
| 245 | 4 |
_aThe Cultural Side Of Islam / _cMuhammad Marmaduke Pickthall |
|
| 250 | _a3rd ed. | ||
| 260 |
_bKitab Bhavan, _c1990. _a New Delhi: |
||
| 300 | _a193p | ||
| 650 | _aIslamic History | ||
| 942 |
_cBK _2ddc _h297 _iPIC/C _k297 _mPIC/C |
||